AH International Schools' Libraries

Normal view MARC view
  • Easter egg hunts

Entry Topical Term

Number of records used in: 1

001 - CONTROL NUMBER

  • control field: 86880

003 - CONTROL NUMBER IDENTIFIER

  • control field: OSt

005 - DATE AND TIME OF LATEST TRANSACTION

  • control field: 20251113154401.0

008 - FIXED-LENGTH DATA ELEMENTS

  • fixed length control field: 251113|| aca||aabn | a|a d

040 ## - CATALOGING SOURCE

  • Original cataloging agency: OSt
  • Transcribing agency: OSt

150 ## - HEADING--TOPICAL TERM

  • Topical term or geographic name as entry element: Easter egg hunts
  • Form subdivision: Pictorial works
  • Form subdivision: Juvenile fiction

670 ## - SOURCE DATA FOUND

  • Source citation: Work cat.: (OSt)49755: Wilson, Sarah, author. 86878, Dora's Easter basket /, 2007.

For any Logos Library related questions please contact Miss Art at swongnarasuk@asianhope.org.

For any Asian Hope Library related questions please contact Miss Raza at graza@asianhope.org.

Click here to explore our ebooks!

Powered by Koha